[Event "27th CRO-chT 1A-Men 2018"]
[Site "Biograd"]
[Date "2018.09.10"]
[Round "3.28"]
[White "Biti, Ozren"]
[Black "Kozul, Zdenko"]
[Result "0-1"]
[WhiteElo "2366"]
[BlackElo "2600"]
[Annotator "TA"]
[PlyCount "80"]
[EventDate "2018.09.08"]
[EventType "team-tourn"]
[EventCountry "CRO"]
[SourceTitle "playchess.com"]
[Source "ChessBase"]
[SourceQuality "1"]

{[%evp 9,80,15,20,6,12,3,28,13,12,16,29,29,27,25,30,31,35,27,33,43,45,43,33,31,29,0,0,-4,-2,-4,-1,-16,6,-18,-16,-40,-36,-56,-60,-129,-138,-177,-177,-197,-169,-181,-182,-205,-185,-194,-190,-192,-208,-204,-196,-341,-340,-344,-300,-322,-409,-460,-339,-311,-327,-769,-763,-1051,-1021,-1541,-1527,-1407,-1425]} 1. e4 c5 2. Nc3 a6 3. g3 Nc6 4. Bg2 g6 5. d3 Bg7 6. f4 {B24: Closed Sicilian: 3 g3 sidelines} d6 7. Nf3 Bg4 (7... Nf6 8. O-O Bg4 9. h3 Bxf3 10. Qxf3 O-O 11. g4 Nd7 12. Nd5 {½-½ (31) Kadric,D (2509)-Kozul,Z (2608) Jahorina 2018}) 8. O-O {White has an edge.} Nd4 9. Nd5 Nf6 $146 ({Predecessor:} 9... e6 10. Ne3 Bxf3 11. Bxf3 Nxf3+ 12. Qxf3 Qc7 13. f5 {0-1 (54) Sargac,R (2186)-Sulc,G (1946) Topusko 2011}) 10. Nxf6+ Bxf6 11. c3 Nxf3+ 12. Bxf3 Bxf3 13. Qxf3 Qd7 14. Be3 O-O 15. f5 b5 16. Bh6 Rfd8 17. Qe2 a5 18. Rf3 a4 19. Rc1 Rab8 20. h4 Kh8 21. fxg6 fxg6 22. Kg2 Qe6 23. a3 b4 $1 24. axb4 ({White should play} 24. cxb4 $15 cxb4 25. axb4) 24... cxb4 $17 25. c4 a3 26. b3 Ra8 {[#] And now ...a2 would win.} 27. Rc2 Bg7 28. Be3 Rf8 29. Ra2 Rxf3 30. Qxf3 Rf8 31. Qe2 Bc3 32. Rc2 (32. Bd2 $142 Bxd2 33. Rxd2) 32... h5 $19 33. Bd2 Bxd2 34. Qxd2 {[%mdl 4096] Endgame KQR-KQR} Qf6 35. Qe2 Qd4 36. Qd2 Kh7 37. Qe2 $2 {[#]} (37. Rc1) 37... Qa1 {Black is clearly winning.} 38. c5 dxc5 39. Rxc5 Qb2 40. Rc2 Qxb3 {Precision: White = 38%, Black = 82%.} 0-1

[Event "27th CRO-chT 1A-Men 2018"]
[Site "Biograd"]
[Date "2018.09.10"]
[Round "3.29"]
[White "Palac, Mladen"]
[Black "Medak, Bojan"]
[Result "1/2-1/2"]
[WhiteElo "2540"]
[BlackElo "2367"]
[Annotator "TA"]
[PlyCount "42"]
[EventDate "2018.09.08"]
[EventType "team-tourn"]
[EventCountry "CRO"]
[SourceTitle "playchess.com"]
[Source "ChessBase"]
[SourceQuality "1"]

{[%evp 18,42,29,18,30,28,32,13,20,8,24,9,21,14,17,10,54,28,83,57,61,0,-10,-13,-6,0,0]} 1. e4 Nc6 2. Nf3 d6 3. d4 Nf6 4. c3 g6 5. Bd3 Bg7 6. O-O O-O 7. Re1 e5 8. h3 Re8 9. Nbd2 Nh5 {B07: Pirc Defence: Miscellaneous Systems} (9... h6 10. Nf1 Bd7 11. Ng3 Qe7 12. Be3 Kh7 13. Qd2 a5 14. Rad1 a4 15. d5 Na5 16. c4 b6 17. Qc3 {½-½ (39) Guseinov,G (2645)-Carlsen,M (2832) chess.com INT 2017}) 10. Nb3 {LiveBook: 7 Games} a5 {[%cal Ba7a5,Ba5a4,Ba4a3][%mdl 32]} 11. Bg5 Bf6 {White has an edge.} 12. Be3 a4 13. Nbd2 a3 14. b4 $146 {[%cal Bb2b4,Bb4b5][%mdl 32]} ({Predecessor:} 14. b3 exd4 15. Nxd4 Nxd4 16. cxd4 c5 17. Nf3 {½-½ (56) Zifroni,D (2490)-Petronijevic,Z (2400) Budapest 1996}) 14... exd4 15. Nxd4 Bg7 16. Rc1 Bd7 17. b5 Na5 (17... Ne5 $11 18. N2f3 Qe7) 18. f4 c5 19. N4b3 (19. Nf5 $1 $14) 19... Nxb3 $11 {The position is equal.} 20. Nxb3 Qh4 21. Qf3 $1 Qg3 {Precision: White = 40%, Black = 56%.} 1/2-1/2

[Event "27th CRO-chT 1A-Men 2018"]
[Site "Biograd"]
[Date "2018.09.10"]
[Round "3.30"]
[White "Filipovic, Marko"]
[Black "Zelcic, Robert"]
[Result "0-1"]
[WhiteElo "2321"]
[BlackElo "2520"]
[Annotator "TA"]
[PlyCount "70"]
[EventDate "2018.09.08"]
[EventType "team-tourn"]
[EventCountry "CRO"]
[SourceTitle "playchess.com"]
[Source "ChessBase"]
[SourceQuality "1"]

{[%evp 10,70,11,-22,-12,-9,-14,-20,-12,-29,-10,-22,-24,-18,-24,-32,-32,-58,-58,-84,-47,-46,-60,-56,-41,-60,-34,-54,-49,-154,-153,-156,-158,-155,-145,-197,-201,-268,-270,-268,-265,-402,-400,-389,-305,-324,-268,-349,-300,-440,-440,-439,-435,-417,-427,-496,-406,-616,-604,-822,-819,-816,-802]} 1. d4 Nf6 2. Nf3 e6 3. g3 d5 4. Bg2 b5 5. a4 (5. O-O Be7 6. Nbd2 O-O 7. Ne5 Bb7 8. Nb3 a5 9. a4 b4 10. c4 bxc3 {½-½ (10) Hera,I (2620)-Piorun,K (2633) Brest 2018}) 5... b4 6. a5 {LiveBook: 4 Games. A46: 1 d4 Nf6 2 Nf3 e6: Torre, London and Colle Systems} Be7 7. c4 $146 ({Predecessor:} 7. O-O O-O 8. Ne5 Ba6 9. c4 bxc3 10. bxc3 Nfd7 11. Nd3 c5 12. e4 Nf6 13. exd5 Nxd5 14. Re1 Nd7 15. Ba3 {½-½ (15) Almasi,I (2451)-Petran,P (2397) Hungary 2005}) 7... bxc3 8. bxc3 {The position is equal.} O-O 9. O-O Ba6 10. Nbd2 Nbd7 11. Re1 c5 12. Ne5 Rc8 13. Qa4 cxd4 14. Nc6 Nc5 15. Nxe7+ Qxe7 16. Qxd4 e5 $36 {[%mdl 2048] Black fights for an advantage.} 17. Qh4 Qc7 18. Ba3 Rfe8 19. g4 ({White should try} 19. Nf1 $15) 19... h6 $1 $17 20. Bb4 {[#]} Ne6 $1 21. e3 Nc5 22. Nf1 {[#]} (22. Bxc5 $17 Qxc5 23. Rec1) 22... Nd3 $1 $19 {And now ...d4 would win.} 23. Ng3 Nxe1 24. Rxe1 Bd3 25. Nf5 (25. g5 {was called for.} hxg5 26. Qxg5) 25... Bxf5 26. gxf5 Qd8 27. Rd1 Rc4 28. Qh3 Ne4 29. Bf1 (29. Qh5 $142) 29... Nxc3 30. Bxc4 Nxd1 31. Be2 Qg5+ 32. Qg2 Qxf5 33. e4 (33. Bxd1 $142 Qb1 34. Qg4) 33... Qf4 {Black is clearly winning.} 34. Bxd1 Rb8 35. exd5 Rxb4 {Precision: White = 40%, Black = 68%.} 0-1

[Event "27th CRO-chT 1A-Men 2018"]
[Site "Biograd"]
[Date "2018.09.12"]
[Round "5.1"]
[White "Braun, Arik"]
[Black "Ponkratov, Pavel"]
[Result "1/2-1/2"]
[WhiteElo "2581"]
[BlackElo "2622"]
[Annotator "TA"]
[PlyCount "63"]
[EventDate "2018.09.08"]
[EventType "team-tourn"]
[EventCountry "CRO"]
[SourceTitle "playchess.com"]
[Source "ChessBase"]
[SourceQuality "1"]

{[%evp 9,63,17,40,41,71,66,65,53,49,46,69,35,35,31,35,34,34,37,33,35,54,41,40,52,49,0,7,7,23,-32,-39,-47,-37,-52,-38,-29,-28,-36,0,-20,0,0,5,4,13,0,0,0,0,0,0,0,7,0,0,0]} 1. d4 e6 2. c4 b6 3. Nf3 Bb7 4. g3 Bb4+ 5. Bd2 c5 {LiveBook: 4 Games} (5... Bxf3 6. exf3 Bxd2+ 7. Qxd2 Nc6 8. f4 Qf6 9. d5 Nd4 10. Bg2 Rd8 11. Nc3 c5 12. O-O-O Nh6 13. Ne4 Qe7 14. Rhe1 Nhf5 15. Qc3 {0-1 (62) Aronian,L (2805)-Rapport,R (2707) Riadh 2017}) 6. Bxb4 $146 {A40: Unusual replies to 1 d4} ({Predecessor:} 6. Bg2 Nf6 7. O-O O-O 8. d5 b5 9. dxe6 fxe6 10. cxb5 Qb6 11. a4 Bxd2 12. Nbxd2 d5 13. Bh3 Nbd7 14. e4 Rad8 15. Ng5 Ne5 16. Bxe6+ {1-0 (23) Kozul,Z (2613)-Bukal,V (2421) Bol 2014}) 6... Bxf3 7. exf3 {[%cal Be2f3,Bf3f4][%mdl 32]} cxb4 8. f4 {White is slightly better.} Nf6 9. Bg2 d5 10. cxd5 Nxd5 11. f5 O-O 12. fxe6 fxe6 13. Nd2 Nc6 14. Nf3 Qf6 15. O-O Rad8 16. Rc1 Nde7 {[%cal Rc6d4]} 17. Qe2 (17. Qa4 $5 {[%cal Rc1c6]}) 17... Rd6 18. Rc4 Nf5 {[%cal Rf5d4]} 19. Rfc1 (19. d5 $11 exd5 20. Rf4) 19... Nfxd4 20. Nxd4 Nxd4 21. Qe3 a5 22. Rc8 Rfd8 23. Be4 g6 24. Kg2 {The position is equal.} Kg7 25. h4 e5 26. R1c7+ R8d7 27. Qc1 Qe7 28. Rxd7 Rxd7 29. b3 Qf6 30. Qe3 Qe7 31. Qc1 Qf6 32. Qe3 {Precision: White = 63%, Black = 51%.} 1/2-1/2

[Event "27th CRO-chT 1A-Men 2018"]
[Site "Biograd"]
[Date "2018.09.12"]
[Round "5.2"]
[White "Predke, Alexandr"]
[Black "Georgiev, Kiril"]
[Result "1-0"]
[WhiteElo "2612"]
[BlackElo "2590"]
[Annotator "TA"]
[PlyCount "85"]
[EventDate "2018.09.08"]
[EventType "team-tourn"]
[EventCountry "CRO"]
[SourceTitle "playchess.com"]
[Source "ChessBase"]
[SourceQuality "1"]

{[%evp 22,85,61,60,71,49,68,58,98,84,75,70,148,140,126,10,14,10,11,12,43,47,44,45,50,40,42,38,43,40,45,20,31,16,14,15,10,0,25,0,163,89,95,103,500,418,831,831,824,822,822,799,685,579,576,517,29975,29974,29983,29984,29983,29984,29986,29987,29987,29988]} 1. d4 Nf6 2. c4 e6 3. Nc3 Bb4 4. e3 O-O 5. Bd2 b6 6. Bd3 Bb7 7. Nf3 c5 8. a3 Bxc3 9. Bxc3 Ne4 {E43: Nimzo-Indian: Rubinstein: 4...b6} (9... d6 10. dxc5 bxc5 11. Qc2 Nbd7 12. O-O h6 13. Rfd1 a5 14. Nd2 Ra6 15. Ne4 Qa8 16. Nxf6+ Nxf6 17. f3 a4 18. Qf2 e5 19. Rd2 Qc8 20. Rad1 {½-½ (51) Aleksandrov,A (2589)-Bartel,M (2609) Bialystok 2017}) 10. Bxe4 Bxe4 11. dxc5 bxc5 12. Qd6 {LiveBook: 8 Games} f6 13. Qxc5 Qc8 14. Qd4 Bxf3 $146 ({Predecessor:} 14... Qc6 15. Nd2 Bg6 16. e4 a5 17. O-O {0-1 (59) Lematschko,T (2184)-Carron,J (2380) Lenzerheide 2010}) 15. gxf3 Nc6 16. Qe4 Ne5 (16... Ne7 $14) 17. Bxe5 $16 fxe5 18. O-O-O (18. Rd1 $16) 18... d5 $1 $11 {[%cal Rd5e4]} 19. Qxe5 Rxf3 20. Rhg1 {[%csl Gg1][%cal Re5g7]} Qxc4+ 21. Kb1 {[%csl Gg1][%cal Re5g7]} Qe4+ $1 22. Qxe4 dxe4 $14 {[%mdl 4096] Endgame KRR-KRR} 23. Rd7 g6 24. Rg2 a5 25. a4 Rf5 26. Rd4 Raf8 27. Rxe4 Rxf2 28. Rxf2 Rxf2 {KR-KR} 29. Re5 Rxh2 30. Rxa5 {And now Ra8+ would win.} Kf7 $2 (30... Rh4 $1 $11 {and Black stays safe.}) 31. Ra7+ ({Better is} 31. Rb5 $1 $18) 31... Kf6 $16 32. a5 {[%cal Ba4a5,Ba5a6,Ba6a7][%mdl 32] Threatens to win with b4.} Rh4 $2 {[%mdl 8192]} (32... g5 $16) 33. a6 $18 g5 (33... h5 $142 34. Rh7 Ra4) 34. Ra8 $1 {[%cal Ra8f8]} Kg7 35. a7 Ra4 36. b3 {[%cal Bb2b3,Bb3b4,Bb4b5,Bb5b6,Bb6b7][%mdl 32]} Ra6 {[#]} 37. b4 $1 {[%cal Rb4b5]} Ra4 {[#] Hoping for ...g4.} 38. b5 $1 {[%cal Rb5b6]} g4 (38... Rb4+ $18 39. Kc2 Rxb5) 39. b6 {White mates.} g3 40. Rd8 g2 41. Rd1 Ra6 42. b7 Rb6+ 43. Ka2 {Precision: White = 72%, Black = 30%.} 1-0

[Event "27th CRO-chT 1A-Men 2018"]
[Site "Biograd"]
[Date "2018.09.12"]
[Round "5.3"]
[White "Muse, Drazen"]
[Black "Martinovic, Sasa"]
[Result "1-0"]
[WhiteElo "2352"]
[BlackElo "2567"]
[Annotator "RC"]
[PlyCount "73"]
[EventDate "2018.09.08"]
[EventType "team-tourn"]
[EventCountry "CRO"]
[SourceTitle "playchess.com"]
[Source "ChessBase"]
[SourceQuality "1"]
[TimeControl "40/5400+30:1800+30"]

1. d4 {[%emt 0:03:30]} Nf6 {[%emt 0:00:30]} 2. Nf3 {[%emt 0:00:00]} d5 {[%emt 0:00:00]} 3. c4 {[%emt 0:00:00]} e6 {[%emt 0:00:00]} 4. Nc3 {[%emt 0:00:30]} c6 {[%emt 0:00:00]} 5. Qb3 {[%emt 0:03:30]} Nbd7 {[%emt 0:00:00]} 6. g3 {[%emt 0:00:30]} Nb6 {[%emt 0:00:30]} 7. cxd5 {[%emt 0:01:30]} exd5 {[%emt 0:00:30]} 8. Bg2 {[%emt 0:00:30]} Be7 {[%emt 0:00:30]} 9. O-O {[%emt 0:03:30]} O-O {[%emt 0:00:30]} 10. Bf4 {[%emt 0:02:30]} Nh5 {[%emt 0:03:30]} 11. Bd2 {[%emt 0:12:30]} Nc4 {[%emt 0:01:30]} 12. Rad1 {[%emt 0:02:30]} Qb6 {[%emt 0:03:30]} 13. e4 {[%emt 0:05:30]} Qxb3 {[%emt 0:19:30]} 14. axb3 {[%emt 0:03:30]} Nxb2 {[%emt 0:00:00]} 15. Rb1 {[%emt 0:00:00]} dxe4 {[%emt 0:00:00]} 16. Nxe4 {[%emt 0:07:00]} Bf5 {[%emt 0:04:30]} 17. Ne5 {[%emt 0:02:30]} f6 {[%emt 0:07:30]} 18. Nxc6 {[%emt 0:04:30]} bxc6 {[%emt 0:00:30]} 19. Rxb2 {[%emt 0:00:30]} g5 {[%emt 0:17:30]} 20. Nc5 {[%emt 0:04:30]} Rfc8 {[%emt 0:01:30]} 21. Ra1 {[%emt 0:00:30]} Bxc5 {[%emt 0:00:30]} 22. dxc5 {[%emt 0:00:30]} Bd3 {[%emt 0:00:30]} 23. Bc3 {[%emt 0:01:30]} Bb5 {[%emt 0:04:30]} 24. Bf3 {[%emt 0:12:30]} Ng7 {[%emt 0:00:30]} 25. Rd2 {[%emt 0:00:30]} Rc7 {[%emt 0:05:30]} 26. Re1 {[%emt 0:11:34]} f5 {[%emt 0:04:30]} 27. h3 {[%emt 0:00:21]} a6 {[%emt 0:09:20]} 28. Rd6 {[%emt 0:01:08]} Ne8 {[%emt 0:01:13]} 29. Rde6 {[%emt 0:01:55]} Ng7 {[%emt 0:00:27]} 30. Re7 {[%emt 0:00:13]} Raa7 {[%emt 0:00:27]} 31. Re8+ {[%emt 0:03:50]} Kf7 {[%emt 0:00:39]} 32. Rh8 {[%emt 0:00:31]} Kg6 {[%emt 0:01:54]} 33. g4 {[%emt 0:01:50]} Re7 {[%emt 0:06:18]} 34. Rd1 {[%emt 0:00:14]} Ne8 {[%emt 0:05:48]} 35. Rd8 {[%emt 0:01:56]} Nf6 {[%emt 0:02:40]} 36. Rd6 {[%emt 0:00:54]} Rf7 {[%emt 0:00:03]} 37. Rg8+ {[%emt 0:00:12]} 1-0

[Event "27th CRO-chT 1A-Men 2018"]
[Site "Biograd"]
[Date "2018.09.12"]
[Round "5.4"]
[White "Cvitan, Ognjen"]
[Black "Jukic, Zdenko"]
[Result "1-0"]
[WhiteElo "2489"]
[BlackElo "2319"]
[Annotator "TA"]
[PlyCount "71"]
[EventDate "2018.09.08"]
[EventType "team-tourn"]
[EventCountry "CRO"]
[SourceTitle "playchess.com"]
[Source "ChessBase"]
[SourceQuality "1"]

{[%evp 26,71,63,73,82,62,62,54,39,16,8,-3,59,58,70,6,6,5,5,10,4,-10,-10,-12,-8,-19,6,11,44,28,51,0,0,0,0,0,0,0,0,0,0,0,0,0,0,-159,749,742]} 1. d4 Nf6 2. c4 e6 3. Nc3 d5 4. Bg5 c6 5. e3 Nbd7 6. Nf3 Qa5 7. cxd5 Nxd5 8. Qd2 Bb4 9. Rc1 Nxc3 {D52: Queen's Gambit Declined: Cambridge Springs Variation} (9... b6 10. a3 Bxc3 11. bxc3 h6 12. Bh4 c5 13. c4 Qxd2+ 14. Nxd2 Ne7 15. f3 Ba6 16. Be2 f5 17. O-O {1-0 (49) So,W (2822)-Dreev,A (2651) chess.com INT 2017}) 10. bxc3 Ba3 11. Rb1 e5 12. Bd3 O-O 13. O-O Re8 14. Qc2 {LiveBook: 3 Games} g6 $146 ({Predecessor:} 14... h6 15. Bh4 b6 16. Nd2 Ba6 17. Bc4 exd4 18. cxd4 {1-0 (38) Razin,V (2345)-Aliyev,R (2213) Minsk 2015}) 15. Bh4 Bf8 16. Rfd1 exd4 17. exd4 Nb6 18. Re1 Be6 (18... Rxe1+ $11 19. Rxe1 Bg4) 19. c4 $14 Bg7 20. Bg3 (20. h3 $14) 20... Bg4 $11 21. Rxe8+ Rxe8 22. Ne5 $1 {[%cal Re5g4]} Bc8 23. h3 c5 24. dxc5 Qxc5 25. Rb5 Qd4 {[%cal Rg7e5]} 26. Nf3 Qa1+ 27. Kh2 Nd7 28. c5 ({Better is} 28. Qa4 $14) 28... Ne5 29. Nxe5 Bxe5 30. c6 $36 {[%mdl 2048] [#] Bxe5 is the strong threat. White is pushing.} Bxg3+ 31. Kxg3 bxc6 32. Qxc6 Rd8 33. Bc4 Qc3+ 34. Kh2 {[#] Strongly threatening Bxf7+!} Be6 {Hoping for ...Rc8.} 35. Rc5 $2 (35. Qc7 $11 Rf8 36. Rc5) 35... Rc8 $2 (35... Qd2 $17 36. Kg1 Rc8 37. Qxc8+ Bxc8 38. Rxc8+ Kg7) 36. Qxc8+ $1 {Precision: White = 38%, Black = 54%.} 1-0

[Event "27th CRO-chT 1A-Men 2018"]
[Site "Biograd"]
[Date "2018.09.12"]
[Round "5.5"]
[White "Zovko, Mario"]
[Black "Kurajica, Bojan"]
[Result "0-1"]
[WhiteElo "2328"]
[BlackElo "2526"]
[Annotator "TA"]
[PlyCount "68"]
[EventDate "2018.09.08"]
[EventType "team-tourn"]
[EventCountry "CRO"]
[SourceTitle "playchess.com"]
[Source "ChessBase"]
[SourceQuality "1"]

{[%evp 13,68,22,20,19,32,33,30,32,35,26,34,27,47,41,46,27,27,15,83,75,66,64,60,56,148,95,118,47,112,111,95,106,119,53,230,206,186,41,45,47,33,-34,0,-149,-149,-139,-144,-258,-239,-393,-291,-439,-343,-378,-351,-1274,-1262]} 1. e4 c5 2. Nf3 Nc6 3. c3 d5 4. exd5 Qxd5 5. d4 e6 6. Be3 cxd4 {B22: Sicilian: 2 c3} (6... Nf6 7. Be2 cxd4 8. cxd4 Bb4+ 9. Nc3 O-O 10. O-O Qa5 11. Qb3 b6 12. Rfd1 Bxc3 13. bxc3 Ba6 14. c4 Qb4 {1-0 (48) Vachier Lagrave,M (2762)-Polgar,J (2685) Dubai 2014}) 7. cxd4 Bb4+ {LiveBook: 4 Games} 8. Nc3 Qa5 {The position is equal.} 9. Qb3 Nge7 $146 ({Predecessor:} 9... Nf6 10. Bc4 O-O 11. O-O a6 12. Rac1 b5 13. Bd3 Ne7 14. Ne4 {1-0 (50) Haugsrud,H (2043)-Tufta,J (1817) Lillehammer 2013}) 10. Bd3 Nf5 11. O-O O-O 12. Rad1 Nxe3 13. fxe3 Be7 14. Kh1 Qh5 15. e4 b6 {[#]} (15... Rd8 $11) 16. Bb5 $1 $16 {[%cal Rb5c6]} Bb7 17. d5 $36 {[%mdl 2048] Black is under pressure.} Na5 18. Qa4 exd5 (18... a6 $14 19. Bd7 exd5) 19. exd5 (19. Nxd5 $142 Bd8 20. Bd7) 19... Rac8 20. Qf4 ({White should try} 20. Ne4 $16) 20... Bd8 (20... Bf6 $14) 21. Be2 Qg6 22. Bd3 Qf6 23. Qe4 (23. Qg3 $16) 23... Qh6 $2 ({Black should play} 23... g6 $1 $14) 24. Ne5 $18 {And now Nxf7! would win.} Rc7 25. Rf3 ({Better is} 25. Qd4 $18) 25... g6 $1 $14 26. Qd4 {[#] Black must now prevent b4.} Qg7 $1 27. b4 (27. Re3 $14) 27... Re8 28. bxa5 (28. Nb5 $11 {remains equal.} Qxe5 29. Qxe5 Rxe5 30. Nxc7 Bxc7 31. bxa5) 28... Qxe5 $17 29. Qxe5 Rxe5 30. Nb5 (30. a6 $17 {was necessary.} Bxd5 31. Nxd5 Rxd5 32. Be2 Rxd1+ 33. Bxd1) 30... Rc5 $19 ({Inferior is} 30... Rxd5 31. Nxc7 Bxc7 32. Re3 $11) ({But not} 30... Bxd5 31. axb6 axb6 32. Nxc7 $17) 31. axb6 $2 (31. Bf1 {keeps fighting.}) 31... Bxb6 32. Bf1 (32. Nd6 {was called for.} Bxd5 33. Rf4) 32... Bxd5 33. Ra3 Rc2 34. Nxa7 $2 (34. Rg3) 34... Rf5 {Precision: White = 60%, Black = 35%.} 0-1

[Event "27th CRO-chT 1A-Men 2018"]
[Site "Biograd"]
[Date "2018.09.12"]
[Round "5.6"]
[White "Kovacevic, Vlatko"]
[Black "Cosic, Marin"]
[Result "1-0"]
[WhiteElo "2454"]
[BlackElo "2227"]
[Annotator "TA"]
[PlyCount "53"]
[EventDate "2018.09.08"]
[EventType "team-tourn"]
[EventCountry "CRO"]
[SourceTitle "playchess.com"]
[Source "ChessBase"]
[SourceQuality "1"]

{[%evp 15,53,41,55,55,54,41,77,58,71,67,90,89,87,91,108,71,70,67,131,131,131,135,238,222,215,217,279,273,257,121,302,297,327,315,1072,1068,1043,1014,967,749]} 1. d4 Nf6 2. Nf3 g6 3. c4 c6 4. Bg5 Bg7 5. Nc3 d5 6. e3 O-O 7. Qb3 e6 8. Be2 Nbd7 9. O-O {D91: Grünfeld: 4 Nf3 Bg7 5 Bg5} h6 10. Bh4 Re8 (10... b6 11. cxd5 exd5 12. Ne5 Bb7 13. Rac1 Qe7 14. Nxd7 Qxd7 15. Rfd1 Rfe8 16. Bf3 Qf5 {1-0 (94) Bayarmaa,B (2222)-Solozhenkina,E (2190) Moscow 2018}) 11. Rfd1 $146 {White is better.} ({Predecessor:} 11. Rac1 g5 12. Bg3 Nh5 13. Kh1 Nxg3+ 14. fxg3 Nf6 15. Ne5 Rf8 16. Rf2 Nd7 {0-1 (42) Grebstad,K-Nylund,K (1167) Fredrikstad 2003}) 11... g5 12. Bg3 Nh5 13. Bd6 Bf8 14. Bxf8 Nxf8 15. e4 {[%cal Rc4d5,Be3e4,Be4e5][%mdl 32]} Nf4 16. Bf1 dxc4 (16... dxe4 $14 17. Nxe4 f5) 17. Qxc4 $16 Qf6 18. e5 $36 {[%mdl 2048] Keeping Black busy.} Nh3+ (18... Qg7 $16 19. Ne4 Nd7) 19. gxh3 $18 Qxf3 20. Bg2 Qf4 21. Ne4 Nd7 {[#]} 22. Qe2 (22. Rd3 $1 $18 {and the rest is easy.}) 22... Qh4 $2 (22... Re7 $16 {was called for.} 23. Qh5 Kg7) 23. Rd3 Rf8 24. Rf3 Nb6 $2 (24... Kg7 25. Rg3 f5) 25. Nf6+ {White is clearly winning.} Kg7 26. Qd3 {[%csl Gf6][%cal Rd3h7] [#]} Rh8 27. Rg3 {Precision: White = 57%, Black = 26%.} 1-0

[Event "27th CRO-chT 1A-Men 2018"]
[Site "Biograd"]
[Date "2018.09.12"]
[Round "5.7"]
[White "Abasov, Nijat"]
[Black "Tomashevsky, Evgeny"]
[Result "1/2-1/2"]
[WhiteElo "2632"]
[BlackElo "2702"]
[Annotator "TA"]
[PlyCount "43"]
[EventDate "2018.09.08"]
[EventType "team-tourn"]
[EventCountry "CRO"]
[SourceTitle "playchess.com"]
[Source "ChessBase"]
[SourceQuality "1"]

{[%evp 27,28,16,50]} 1. e4 e5 2. Nf3 Nc6 3. Bb5 a6 4. Ba4 Nf6 5. O-O Be7 6. Re1 b5 7. Bb3 O-O 8. c3 d5 9. exd5 Nxd5 10. Nxe5 Nxe5 11. Rxe5 c6 12. d3 Bd6 13. Re1 Bf5 14. Qf3 Re8 {[#] LiveBook: 43 Games. C89: Closed Ruy Lopez: Marshall Attack} (14... Qh4 15. g3 Qh3 16. Be3 Bxd3 17. Nd2 Qf5 18. Bd4 Rfe8 19. a4 Kf8 20. h4 h6 21. Qxf5 Bxf5 22. Rxe8+ Rxe8 23. axb5 axb5 {½-½ (30) Karjakin,S (2778)-Carlsen,M (2843) Shamkir 2018}) {Predecessor:} 15. Be3 $146 Nxe3 16. Rxe3 Rxe3 17. Qxe3 Bxd3 18. Nd2 Qd7 19. Re1 Kf8 20. Qf3 Bg6 21. Rd1 Re8 22. Nf1 {0-1 (71) Kovalenko,I (2640)-Kravtsiv,M (2665) Tbilisi 2017} 1/2-1/2

[Event "27th CRO-chT 1A-Men 2018"]
[Site "Biograd"]
[Date "2018.09.12"]
[Round "5.8"]
[White "Saric, Ivan"]
[Black "Bogut, Zeljko"]
[Result "1-0"]
[WhiteElo "2689"]
[BlackElo "2415"]
[Annotator "TA"]
[PlyCount "69"]
[EventDate "2018.09.08"]
[EventType "team-tourn"]
[EventCountry "CRO"]
[SourceTitle "playchess.com"]
[Source "ChessBase"]
[SourceQuality "1"]

{[%evp 18,69,41,37,39,25,35,31,105,16,57,72,88,75,75,70,64,0,0,0,0,0,0,-24,17,-9,90,59,74,68,264,256,234,253,256,253,380,411,340,87,550,550,547,541,527,522,658,655,649,642,630,626,627,585]} 1. e4 c5 2. Nf3 Nc6 3. Nc3 e5 4. Bc4 d6 5. d3 Be7 6. O-O Nf6 7. Ng5 O-O 8. f4 exf4 9. Bxf4 Bg4 {B30: Sicilian: 2...Nc6 3 Bb5, lines without ...g6} (9... h6 10. Nf3 Be6 11. Nd5 Qd7 12. Nxe7+ Nxe7 13. Bb3 Ng6 14. Be3 Ng4 15. Qd2 Nxe3 16. Qxe3 Rae8 17. Qf2 f5 18. exf5 Rxf5 19. Rae1 Bxb3 20. Rxe8+ Qxe8 21. axb3 {0-1 (30) Cornette,M (2606)-Krasenkow,M (2630) Porticcio 2017}) 10. Qd2 {LiveBook: 11 Games} Qd7 11. Rae1 h6 $146 {White has an edge.} ({Predecessor:} 11... Rad8 12. a4 a6 13. Bg3 Nd4 14. a5 h6 15. Nf3 Nxf3+ 16. gxf3 Bh3 17. Rf2 {0-1 (103) Jurcik,M (2501)-Simacek,P (2485) Senica 2017}) 12. Nf3 a6 ({Better is} 12... Be6 $14) 13. a4 (13. Bxh6 $1 $16 gxh6 14. Qxh6) 13... Be6 14. Nd5 Bd8 15. Bxh6 $1 gxh6 16. Qxh6 {White threatens Ng5 and mate.} Ng4 17. Qf4 (17. Qh3 $1 $14 Nce5 18. Nxe5 Nxe5 19. Qg3+ Kh7 20. Rf6 $1 {[%mdl 512]} Bxd5 21. Rf5 Qxf5 22. exf5 Bxc4 23. Qh3+ Kg7 24. Qg3+ Kh7 25. Qh3+ Kg7 26. Qg3+ Kh7) 17... Nce5 $1 $11 {[%cal Re5g6]} 18. Nxe5 dxe5 19. Qg3 $1 {And now Ne3 would win.} b5 (19... Qxa4 $2 20. Ne3 $18) 20. Ba2 $1 {aiming for Ne3.} c4 (20... bxa4 21. h3 $16) 21. h3 Kg7 (21... f5 $1 $11 22. hxg4 Qa7+ 23. Qe3 Qxe3+ 24. Nxe3 fxe4) 22. Ne3 {[%cal Re3g4]} (22. hxg4 $6 Bxd5 23. Qxe5+ f6 $11) 22... Bb6 23. hxg4 {[%cal Rd3c4]} Qd4 $2 (23... Qd6 $1 $14) 24. c3 $18 Qxd3 25. Qxe5+ f6 26. Qf4 Rad8 (26... Qd7 {was worth a try.} 27. e5 fxe5 28. Qg5+ (28. Qxe5+ Kg8 $16) 28... Kh8) 27. e5 ({Don't take} 27. g5 f5 $18) 27... Qg6 {[#]} 28. Bb1 $2 (28. a5 $1 $18 {[%cal Ra5b6] and the rest is easy.} Bxe3+ (28... Bxa5 29. Bb1) 29. Rxe3) 28... Rd3 $2 {[%mdl 8192]} (28... Qxg4 $16 29. exf6+ (29. Qxg4+ Bxg4 30. Kh2 Bc8 $11) 29... Kf7) 29. a5 {White is clearly winning.} Ba7 30. Bxd3 cxd3 31. Rf2 {[%cal Bf1f2,Bf2d2,Bd2d6][%mdl 32]} d2 32. Rxd2 fxe5 33. Qxe5+ Qf6 34. Qxf6+ Rxf6 35. Rd6 {Precision: White = 64%, Black = 28%.} 1-0